Effektivnoje funkcionirovanije upravljajuščich mul'tiprocessornych sistem

Salvato in:
Dettagli Bibliografici
Autore principale: Vajradjan, Akop Semenovič
Altri autori: Korovin, Aleksandr Vladimirovič, Udalov, Vladimir Nikolajevič
Natura: Libro
Lingua:russo
Pubblicazione: Moskva Radio i svjaz' 1984
Tags: Aggiungi Tag
Nessun Tag, puoi essere il primo ad aggiungerne!!

MARC

LEADER 00000nam a2200000 4500
001 c106023
005 20041019155136.0
041 0 |a rus 
044 |a RU 
245 1 0 |a Effektivnoje funkcionirovanije upravljajuščich mul'tiprocessornych sistem  |c Akop Semenovič Vajradjan, Aleksandr Vladimirovič Korovin, Vladimir Nikolajevič Udalov 
264 1 |a Moskva  |b Radio i svjaz'  |c 1984 
300 |a 326 s. 
100 1 |a Vajradjan, Akop Semenovič 
700 1 |a Korovin, Aleksandr Vladimirovič 
700 1 |a Udalov, Vladimir Nikolajevič